Вып. 10; Труды Всероссийского научно-исследовательского химического института промышленности местного подчинения

מידע ביבליוגרפי
Parent link:Труды Всероссийского научно-исследовательского химического института промышленности местного подчинения/ Всероссийский научно-исследовательский химический институт промышленности местного подчинения. Вып. 10.— , 1958-1960
מחברים אחרים: Соколов А. В. (редактор)
שפה:רוסית
יצא לאור: 1960
נושאים:
פורמט: ספר
KOHA link:https://koha.lib.tpu.ru/cgi-bin/koha/opac-detail.pl?biblionumber=206886

MARC

LEADER 00000nam2a2200000 4500
001 206886
005 20231031190841.0
035 |a (RuTPU)RU\TPU\book\225593 
090 |a 206886 
100 |a 20120118d1960 k y0rusy50 ca 
101 0 |a rus 
102 |a RU 
105 |a a z 001zy 
200 0 |a Вып. 10  |f под ред. А. В. Соколова 
210 |d 1960 
215 |a 138 с.  |c ил. 
320 |a Библиография в конце статей 
461 1 |0 (RuTPU)RU\TPU\book\215566  |t Труды Всероссийского научно-исследовательского химического института промышленности местного подчинения  |f Всероссийский научно-исследовательский химический институт промышленности местного подчинения  |v Вып. 10  |d 1958-1960 
610 1 |a химическая промышленность 
610 1 |a хромосодержащие отходы 
610 1 |a окись хрома 
610 1 |a получение 
610 1 |a роговые материалы 
610 1 |a белки 
610 1 |a кератины 
610 1 |a выделение 
610 1 |a гальванопокрытия 
610 1 |a сталь 
610 1 |a водородная хрупкость 
610 1 |a графитно-глиняные массы 
610 1 |a сушка 
610 1 |a влагосодержание 
610 1 |a перепады 
610 1 |a вязко-пластические свойства 
610 1 |a каолины 
610 1 |a тальк 
610 1 |a использование 
610 1 |a этаноламины 
610 1 |a производные 
610 1 |a вулканизация 
610 1 |a ускорители 
610 1 |a получение 
610 1 |a оксидные покрытия 
610 1 |a качество 
610 1 |a контроль 
610 1 |a объективные методы 
675 |a 66:001.891  |v 3 
702 1 |a Соколов  |b А. В.  |4 340 
801 1 |a RU  |b 63413507  |c 20120118 
801 2 |a RU  |b 63413507  |c 20130920  |g RCR 
942 |c BK